| 000 | 00361nam a22001577a 4500 | ||
|---|---|---|---|
| 005 | 20180413121255.0 | ||
| 008 | 160624b xxu||||| |||| 00| 0 eng d | ||
| 041 | _aeng | ||
| 082 |
_b9724 _a348 |
||
| 100 |
_aShukla, T.N. _9480 |
||
| 245 | _aIndian Partnership Act-1932 | ||
| 260 | _bKamal Law House | ||
| 300 | _a60 | ||
| 650 |
_aManagement _9241 |
||
| 942 | _cBK | ||
| 999 |
_c3781 _d3780 |
||